Online
Catalog
Normal view MARC view

Entry Nombre personal

Number of records used in: 4

001 - NÚMERO DE CONTROL

  • campo de control: 3100

003 - IDENTIFICADOR DEL NÚMERO DE CONTROL

  • campo de control: BNPHU

005 - FECHA Y HORA DE LA ÚLTIMA TRANSACCIÓN

  • campo de control: 20240305121310.0

008 - DATOS DE LONGITUD FIJA

  • campo de control de longitud fija: 200615|| aca||aabn | a|a d

040 ## - FUENTE DE LA CATALOGACIÓN

  • Centro catalogador/agencia de origen: DO-SdBNP
  • Lengua de catalogación: spa
  • Centro/agencia transcriptor: BNPHU
  • Normas de descripción: rda

100 1# - ENCABEZAMIENTO-NOMBRE DE PERSONA

  • Nombre de persona: Maeztu, Ramiro de,
  • Fechas asociadas al nombre: 1875-1936

370 ## - LUGAR ASOCIADO

  • Lugar de nacimiento: Vitoria, España
  • Lugar de fallecimiento: Aravaca, España

375 ## - GÉNERO/SEXO

  • Género/Sexo: Masculino

377 ## - LENGUA/LENGUAJE ASOCIADO

  • Código del idioma: spa

400 1# - TRAZADO DE VÉASE--NOMBRE DE PERSONA

  • Nombre de persona: Poel Krupp, Van,
  • Fechas asociadas al nombre: 1875-1936

400 1# - TRAZADO DE VÉASE--NOMBRE DE PERSONA

  • Nombre de persona: Krupp, Van Poel,
  • Fechas asociadas al nombre: 1875-1936

400 1# - TRAZADO DE VÉASE--NOMBRE DE PERSONA

  • Nombre de persona: Maeztu-Withney, Ramiro de,
  • Fechas asociadas al nombre: 1875-1936

400 1# - TRAZADO DE VÉASE--NOMBRE DE PERSONA

  • Nombre de persona: Withney, Ramiro de Maeztu-,
  • Fechas asociadas al nombre: 1875-1936

400 1# - TRAZADO DE VÉASE--NOMBRE DE PERSONA

  • Nombre de persona: Van Poel Krupp,
  • Fechas asociadas al nombre: 1875-1936

400 1# - TRAZADO DE VÉASE--NOMBRE DE PERSONA

  • Nombre de persona: De Maeztu-Withney, Ramiro,
  • Fechas asociadas al nombre: 1875-1936

670 ## - FUENTE DE DATOS ENCONTRADOS

  • Cita de la fuente: Work cat.: (OSt)869: Maeztu, Ramiro de, 1875-1936., España y Europa., 1959.

Powered by Koha